| 000 | 00606nam a2200193 4500 | ||
|---|---|---|---|
| 001 | 109955 | ||
| 003 | ES-MaACL | ||
| 005 | 20251003192941.0 | ||
| 007 | t| | ||
| 008 | 061121s1975 sp r ||||1| spa d | ||
| 245 | 0 | 0 |
_aObra en marcha / _ccompilador J.G. Cobo Borda. |
| 260 |
_aBogotá : _bInstituto Colombiano de Cultura, _c1975. |
||
| 300 |
_a319 p. ; _c17 cm. |
||
| 505 | 8 | _aContiene: 1. La nueva literatura colombiana | |
| 700 | 1 |
_aCobo Borda, Juan Gustavo, _d1948- _939354 |
|
| 710 | 2 |
_aInstituto Colombiano de Cultura. _94814 |
|
| 852 |
_aES-MaACL _jA-6183 _bR.95071 |
||
| 999 |
_c109955 _d109955 |
||